[Event "Aragon-chT Preferente Gr I"]
[Site "Aragon"]
[Date "2023.02.11"]
[Round "3.36"]
[White "Moreno Burillo, Marcos Antonio"]
[Black "Alvarez Gonzalo, Miguel Angel"]
[Result "1-0"]
[WhiteElo "1748"]
[BlackElo "1767"]
[PlyCount "91"]
[EventDate "2023.01.28"]
[EventType "team-tourn"]
[EventRounds "9"]
[EventCountry "ESP"]
[SourceTitle "EXT 2024"]
[Source "ChessBase"]
[SourceDate "2023.10.10"]
[SourceVersion "1"]
[SourceVersionDate "2023.10.10"]
[SourceQuality "1"]
[WhiteTeam "Iberajedrez Mundo 64 II"]
[BlackTeam "Casablanca MyInvestor II"]
[WhiteTeamCountry "ESP"]
[BlackTeamCountry "ESP"]

1. d4 Nf6 2. c4 e6 3. Nc3 Bb4 4. e3 0-0 5. Nge2 b6 6. a3 Be7 7. Nf4 d6 8. Be2 Bb7 9. 0-0 Nbd7 10. Bf3 Bxf3 11. Qxf3 c5 12. Nd3 Qc8 13. b3 e5 14. d5 a6 15. e4 Re8 16. Bd2 Nf8 17. Rfc1 Ng6 18. b4 Nh4 19. Qe2 h5 20. h3 Ng6 21. Na4 Rb8 22. bxc5 bxc5 23. Rab1 Qd7 24. Nb6 Qa7 25. Na4 h4 26. Nc3 Qd7 27. Qd1 Rec8 28. Rc2 Rxb1 29. Qxb1 Bd8 30. Rb2 Nh5 31. Rb7 Rc7 32. Rb3 Nhf4 33. Nxf4 exf4 34. f3 Bg5 35. Rb8+ Rc8 36. Rb6 Ne5 37. Qb3 Bh6 38. Rxa6 Nxf3+ 39. gxf3 Qxh3 40. Ne2 g5 41. Rxd6 g4 42. Rxh6 g3 43. Be3 Qh2+ 44. Kf1 Qh3+ 45. Ke1 Kg7 46. Bxf4 1-0

[Event "Aragon-chT Preferente Gr-I"]
[Site "Aragon"]
[Date "2019.02.16"]
[Round "4.48"]
[White "Alvarez Gonzalo, Miguel Angel"]
[Black "Soto Fidalgo, Guillermo"]
[Result "1-0"]
[WhiteElo "1817"]
[BlackElo "1747"]
[PlyCount "67"]
[EventDate "2019.01.26"]
[EventType "team-tourn"]
[EventRounds "9"]
[EventCountry "ESP"]
[SourceTitle "EXT 2020"]
[Source "ChessBase"]
[SourceDate "2019.10.17"]
[SourceVersion "1"]
[SourceVersionDate "2019.10.17"]
[SourceQuality "1"]
[WhiteTeam "St Casablanca III"]
[BlackTeam "Monsalud Soluzion"]
[WhiteTeamCountry "ESP"]
[BlackTeamCountry "ESP"]

1. c4 c6 2. Nc3 d5 3. d4 Nf6 4. cxd5 cxd5 5. g3 Nc6 6. Bg2 Bf5 7. a3 e6 8. Nf3 Bd6 9. 0-0 0-0 10. Nh4 Bg4 11. h3 Bh5 12. b4 a6 13. Qd3 Be7 14. Nf3 Bg6 15. Qd1 Rc8 16. Bb2 h6 17. e3 Ne4 18. Nxe4 Bxe4 19. Rc1 Qb6 20. Qe2 a5 21. b5 Na7 22. a4 Bh7 23. Ne5 Qd6 24. e4 Rxc1 25. Rxc1 Rc8 26. exd5 exd5 27. Qf3 f6 28. Qxd5+ Qxd5 29. Bxd5+ Kf8 30. Rxc8+ Nxc8 31. Bxb7 Nd6 32. Nd7+ Ke8 33. Bc6 Kd8 34. Bc3 1-0

[Event "Aragon-chT Preferente Gr II"]
[Site "Aragon"]
[Date "2018.03.24"]
[Round "9.58"]
[White "Barranco Mananet, Fernando"]
[Black "Alvarez Gonzalo, Miguel Angel"]
[Result "1-0"]
[WhiteElo "2026"]
[BlackElo "1825"]
[PlyCount "75"]
[EventDate "2018.01.27"]
[EventType "team-tourn"]
[EventRounds "9"]
[EventCountry "ESP"]
[SourceTitle "EXT 2019"]
[Source "ChessBase"]
[SourceDate "2018.10.10"]
[SourceVersion "1"]
[SourceVersionDate "2018.10.10"]
[SourceQuality "1"]
[WhiteTeam "Monzon"]
[BlackTeam "St Casablanca III"]
[WhiteTeamCountry "ESP"]
[BlackTeamCountry "ESP"]

1. c4 Nf6 2. Nc3 e6 3. d4 Bb4 4. Bd2 0-0 5. Qc2 c5 6. e3 Nc6 7. dxc5 Bxc5 8. a3 a5 9. Nf3 d5 10. cxd5 exd5 11. Nb5 Qe7 12. Rc1 Bb6 13. Bc3 Bg4 14. Be2 Rad8 15. Nfd4 Bxe2 16. Qxe2 Nxd4 17. Bxd4 Bxd4 18. Nxd4 Rfe8 19. 0-0 Qe5 20. Qb5 Ng4 21. Nf3 Qh5 22. Qxa5 Rd6 23. Qb5 Rf8 24. Rfd1 Ne5 25. Nxe5 Qxe5 26. Rd4 b6 27. Rcd1 Rc8 28. Qd3 g6 29. b4 Rcd8 30. g3 Qh5 31. Rd2 Qe5 32. Qb5 Qe6 33. a4 Rc8 34. Rxd5 Rc1+ 35. Kg2 Qe4+ 36. Kh3 h5 37. Rxd6 Rg1 38. f4 1-0

[Event "Aragon-chT Preferente A"]
[Site "Aragon"]
[Date "2017.02.11"]
[Round "3.36"]
[White "Alvarez Gonzalo, Miguel Angel"]
[Black "Puertolas Serena, Arturo"]
[Result "0-1"]
[WhiteElo "1860"]
[BlackElo "1832"]
[PlyCount "116"]
[EventDate "2017.01.28"]
[EventType "team-tourn"]
[EventRounds "9"]
[EventCountry "ESP"]
[SourceTitle "EXT 2018"]
[Source "ChessBase"]
[SourceDate "2017.10.13"]
[SourceVersion "1"]
[SourceVersionDate "2017.10.13"]
[SourceQuality "1"]
[WhiteTeam "St Casablanca III"]
[BlackTeam "La Aurora Estadilla II"]
[WhiteTeamCountry "ESP"]
[BlackTeamCountry "ESP"]

1. c4 e5 2. g3 Nc6 3. Bg2 f5 4. Nc3 Nf6 5. d3 Bb4 6. Bd2 0-0 7. a3 Bxc3 8. Bxc3 d6 9. e3 Be6 10. Ne2 Qe8 11. 0-0 Qh5 12. Nc1 Qh6 13. Bd2 g5 14. f4 gxf4 15. exf4 Qg6 16. b3 Rab8 17. Ne2 Ng4 18. h3 Nf6 19. Qe1 Rfe8 20. Qf2 e4 21. d4 d5 22. Rac1 Rbd8 23. c5 Re7 24. b4 Rg7 25. Rc3 Nh5 26. Rfc1 Bd7 27. Re3 Ne7 28. Be1 Bb5 29. Nc3 Bc4 30. Bf1 Bxf1 31. Kxf1 Qa6+ 32. Qe2 Qh6 33. Qf2 Kh8 34. Ne2 Rdg8 35. Rcc3 Ng6 36. Qh2 Nf6 37. h4 Ng4 38. Qh3 Nxe3+ 39. Rxe3 Ne7 40. Bf2 Rg4 41. Ke1 Qa6 42. Rc3 Qe6 43. Re3 R8g7 44. Kd2 Ng8 45. Rc3 Nf6 46. Re3 R4g6 47. Rc3 Ng4 48. Be1 e3+ 49. Kc1 Qe4 50. Qf1 Re6 51. Rc2 Nh2 52. Qh3 Nf3 53. Bc3 Nd2 54. Kb2 Nc4+ 55. Kb3 Ra6 56. a4 Rxa4 57. Bb2 Rxb4+ 58. Kxb4 Qxc2 0-1

[Event "Aragon-chT Preferente A"]
[Site "Aragon"]
[Date "2017.01.28"]
[Round "1.36"]
[White "Alvarez Gonzalo, Miguel Angel"]
[Black "Mombiela de Sus, Jose Luis"]
[Result "0-1"]
[WhiteElo "1860"]
[BlackElo "1911"]
[PlyCount "86"]
[EventDate "2017.01.28"]
[EventType "team-tourn"]
[EventRounds "9"]
[EventCountry "ESP"]
[SourceTitle "EXT 2018"]
[Source "ChessBase"]
[SourceDate "2017.10.13"]
[SourceVersion "1"]
[SourceVersionDate "2017.10.13"]
[SourceQuality "1"]
[WhiteTeam "St Casablanca III"]
[BlackTeam "Las Fuentes"]
[WhiteTeamCountry "ESP"]
[BlackTeamCountry "ESP"]

1. c4 f5 2. Nc3 Nf6 3. g3 e6 4. Bg2 Be7 5. d4 0-0 6. Nf3 d6 7. 0-0 Qe8 8. e3 c6 9. b3 e5 10. d5 Na6 11. Bb2 Bd7 12. Ne1 Nc5 13. Nd3 Nce4 14. Nxe4 fxe4 15. Ne1 Bg4 16. f3 exf3 17. Bxf3 Qh5 18. Qd2 cxd5 19. Bxd5+ Nxd5 20. Qxd5+ Kh8 21. Ng2 Bf3 22. Qd2 Rf6 23. Rf2 Rh6 24. Ne1 Bc6 25. Qe2 Qg6 26. Nf3 Qe4 27. Raf1 Rf6 28. h3 Raf8 29. Kg2 g5 30. g4 h5 31. Kg3 h4+ 32. Kg2 a6 33. a4 Bd8 34. b4 b5 35. axb5 axb5 36. c5 dxc5 37. bxc5 Be7 38. Kg1 Rxf3 39. Rxf3 Rxf3 40. Bxe5+ Qxe5 41. Rxf3 Bxf3 42. Qxf3 Qg3+ 43. Qxg3 hxg3 0-1

[Event "Zaragoza Province-ch Preferente"]
[Site "Zaragoza"]
[Date "2015.10.04"]
[Round "2"]
[White "Torcal Andolz, Alfonso"]
[Black "Alvarez Gonzalo, Miguel Angel"]
[Result "1/2-1/2"]
[WhiteElo "1728"]
[BlackElo "1907"]
[PlyCount "45"]
[EventDate "2015.09.27"]
[EventType "swiss"]
[EventRounds "6"]
[EventCountry "ESP"]
[SourceTitle "CBM 170 Extra"]
[Source "ChessBase"]
[SourceDate "2016.02.25"]
[SourceVersion "1"]
[SourceVersionDate "2016.02.25"]
[SourceQuality "1"]

1. c4 Nf6 2. Nc3 g6 3. g3 Bg7 4. Bg2 0-0 5. Nf3 c6 6. e4 d5 7. cxd5 cxd5 8. e5 Ne4 9. d4 Qa5 10. Qb3 e6 11. 0-0 Nc6 12. Be3 f5 13. Rfd1 a6 14. Rac1 h6 15. Nd2 Nxc3 16. Qxc3 Qxc3 17. Rxc3 Bd7 18. f4 Rac8 19. Nb3 b6 20. a3 Na7 21. Rdc1 Rxc3 22. Rxc3 Nb5 23. Rc2 1/2-1/2

[Event "Zaragoza Province-ch Preferente"]
[Site "Zaragoza"]
[Date "2015.09.27"]
[Round "1"]
[White "Alvarez Gonzalo, Miguel Angel"]
[Black "Palacios Herrero, Pablo"]
[Result "0-1"]
[WhiteElo "1907"]
[BlackElo "2021"]
[PlyCount "52"]
[EventDate "2015.09.27"]
[EventType "swiss"]
[EventRounds "6"]
[EventCountry "ESP"]
[SourceTitle "CBM 170 Extra"]
[Source "ChessBase"]
[SourceDate "2016.02.25"]
[SourceVersion "1"]
[SourceVersionDate "2016.02.25"]
[SourceQuality "1"]

1. c4 f5 2. g3 Nf6 3. Bg2 g6 4. Nc3 Bg7 5. d4 d6 6. Nf3 0-0 7. 0-0 Qe8 8. Nb5 Na6 9. d5 c6 10. dxc6 bxc6 11. Nc3 Rb8 12. Nd4 Bd7 13. Rb1 Nc5 14. e3 Nce4 15. Nxe4 Nxe4 16. f3 Nc3 17. Qc2 Nxb1 18. Qxb1 a5 19. b3 a4 20. Qd3 axb3 21. axb3 Qc8 22. f4 Qa6 23. Re1 Qb6 24. Bb2 c5 25. Bd5+ Kh8 26. Ba1 cxd4 0-1

[Event "Aragon-chT Preferente A"]
[Site "Aragon"]
[Date "2015.03.14"]
[Round "8.47"]
[White "Maza Broto, Pablo"]
[Black "Alvarez Gonzalo, Miguel Angel"]
[Result "1-0"]
[WhiteElo "2076"]
[BlackElo "1944"]
[PlyCount "97"]
[EventDate "2015.01.24"]
[EventType "team-tourn"]
[EventRounds "11"]
[EventCountry "ESP"]
[SourceTitle "EXT 2017"]
[Source "ChessBase"]
[SourceDate "2016.10.25"]
[SourceVersion "1"]
[SourceVersionDate "2016.10.25"]
[SourceQuality "1"]
[WhiteTeam "Jaime Casas II"]
[BlackTeam "St Casablanca III"]
[WhiteTeamCountry "ESP"]
[BlackTeamCountry "ESP"]

1. d4 Nf6 2. Nf3 e6 3. e3 b6 4. Bd3 Bb7 5. 0-0 Nc6 6. c3 Be7 7. e4 d6 8. Re1 0-0 9. Nbd2 h6 10. Nf1 Rc8 11. Ng3 e5 12. d5 Nb8 13. Nf5 Nh7 14. g3 Ng5 15. h4 Nxf3+ 16. Qxf3 Nd7 17. Bxh6 g6 18. Nxe7+ Qxe7 19. Bxf8 Nxf8 20. Bf1 Nh7 21. Bh3 Rf8 22. Qg4 Bc8 23. Qxc8 Rxc8 24. Bxc8 Qe8 25. Bg4 Nf6 26. Bf3 Qb5 27. b3 Qd3 28. Kg2 Qxc3 29. Rac1 Qd2 30. Red1 Qxa2 31. Rxc7 Qxb3 32. Rdc1 Qa3 33. R1c6 Qb4 34. Rxa7 Nxe4 35. Rc8+ Kg7 36. Rcc7 Qe1 37. Rxf7+ Kg8 38. Bxe4 Qxe4+ 39. f3 Qe2+ 40. Kh3 Qf1+ 41. Kg4 Qc4+ 42. Kg5 Qxd5 43. Rfc7 e4+ 44. Kxg6 Qe6+ 45. Kg5 Qe8 46. Rg7+ Kf8 47. Raf7+ Qxf7 48. Rxf7+ Kxf7 49. fxe4 1-0

[Event "Aragon-chT Preferente A"]
[Site "Aragon"]
[Date "2015.03.07"]
[Round "7.43"]
[White "Alvarez Gonzalo, Miguel Angel"]
[Black "Sanchez Perez, Carlos"]
[Result "1-0"]
[WhiteElo "1944"]
[BlackElo "1499"]
[PlyCount "73"]
[EventDate "2015.01.24"]
[EventType "team-tourn"]
[EventRounds "11"]
[EventCountry "ESP"]
[SourceTitle "EXT 2017"]
[Source "ChessBase"]
[SourceDate "2016.10.25"]
[SourceVersion "1"]
[SourceVersionDate "2016.10.25"]
[SourceQuality "1"]
[WhiteTeam "St Casablanca III"]
[BlackTeam "Delicias II"]
[WhiteTeamCountry "ESP"]
[BlackTeamCountry "ESP"]

1. c4 Nf6 2. g3 g6 3. Bg2 Bg7 4. Nc3 c6 5. d4 0-0 6. e4 d6 7. Nge2 Re8 8. 0-0 Nbd7 9. f4 Nb6 10. e5 Nfd7 11. b3 Nf8 12. Be3 Qc7 13. Rc1 Bd7 14. c5 Nc8 15. cxd6 exd6 16. Qd2 Ne7 17. Nb5 Qb8 18. Nxd6 Rd8 19. Nc3 Nf5 20. Nce4 Be6 21. Nxf5 Bxf5 22. Nd6 Be6 23. Qf2 Nd7 24. f5 Bd5 25. fxg6 fxg6 26. Bxd5+ cxd5 27. Qg2 Nb6 28. Qh3 Rxd6 29. exd6 Qxd6 30. Rf4 Re8 31. Bf2 Qb4 32. Rf1 Qd2 33. a4 g5 34. Rf5 Re4 35. a5 g4 36. Qh4 Qxa5 37. Qd8+ 1-0

[Event "Aragon-chT"]
[Site "Aragon"]
[Date "2009.03.07"]
[Round "6"]
[White "Alvarez Gonzalo, Miguel Angel"]
[Black "Minguez Guinda, Andres"]
[Result "1/2-1/2"]
[WhiteElo "1917"]
[BlackElo "1942"]
[PlyCount "107"]
[EventDate "2009.01.24"]
[EventType "team-swiss"]
[EventRounds "9"]
[EventCountry "ESP"]
[SourceTitle "EXT 2011"]
[Source "ChessBase"]
[SourceDate "2010.11.26"]
[SourceVersion "1"]
[SourceVersionDate "2010.11.26"]
[SourceQuality "1"]

1. c4 c5 2. g3 Nc6 3. Bg2 Nf6 4. Nc3 e6 5. Nf3 Be7 6. d4 cxd4 7. Nxd4 0-0 8. 0-0 a6 9. e4 e5 10. Nf5 d6 11. Nxe7+ Nxe7 12. Bg5 Ne8 13. Nd5 f6 14. Be3 Be6 15. c5 Bxd5 16. exd5 Nf5 17. c6 Nxe3 18. fxe3 Qb6 19. Qd3 g6 20. g4 Rf7 21. Kh1 Kh8 22. Rf3 Ng7 23. Rh3 f5 24. Rh6 e4 25. Qc3 bxc6 26. gxf5 gxf5 27. Rxd6 Rd8 28. Rxc6 Qb7 29. Bf1 Kg8 30. Bxa6 Qe7 31. Bc4 Rd6 32. Rc8+ Rf8 33. Rxf8+ Kxf8 34. Rg1 f4 35. exf4 e3 36. Qxg7+ Qxg7 37. Rxg7 Kxg7 38. Kg2 e2 39. Kf2 Rh6 40. Bxe2 Rxh2+ 41. Ke3 Kf6 42. a4 Ke7 43. b3 Rh3+ 44. Bf3 h5 45. Ke4 Rg3 46. Bxh5 Rxb3 47. Bd1 Rb1 48. Bc2 Rb2 49. Kd3 Rb4 50. f5 Kd6 51. Kc3 Ke5 52. a5 Kxd5 53. Bd3 Kc5 54. a6 1/2-1/2

[Event "Aragon-chT"]
[Site "Aragon"]
[Date "2009.02.28"]
[Round "5"]
[White "Gutierrez Mingueza, Ruben"]
[Black "Alvarez Gonzalo, Miguel Angel"]
[Result "1-0"]
[WhiteElo "2068"]
[BlackElo "1917"]
[PlyCount "71"]
[EventDate "2009.01.24"]
[EventType "team-swiss"]
[EventRounds "9"]
[EventCountry "ESP"]
[SourceTitle "EXT 2011"]
[Source "ChessBase"]
[SourceDate "2010.11.26"]
[SourceVersion "1"]
[SourceVersionDate "2010.11.26"]
[SourceQuality "1"]

1. d4 Nf6 2. c4 e6 3. Nf3 b6 4. g3 Bb7 5. Bg2 Bb4+ 6. Bd2 Qe7 7. Nc3 c5 8. d5 0-0 9. 0-0 Bxc3 10. Bxc3 Ne4 11. Rc1 d6 12. Ne1 exd5 13. cxd5 Ba6 14. Nd3 Nd7 15. Be1 Rfe8 16. f3 Nef6 17. e4 b5 18. Bf2 b4 19. b3 Bb5 20. Re1 Ne5 21. Nxe5 Qxe5 22. f4 Qh5 23. Qxh5 Nxh5 24. e5 dxe5 25. fxe5 Rac8 26. Bxc5 a5 27. Bh3 Rc7 28. d6 Rb7 29. Bg2 Rd7 30. Bd5 Kf8 31. e6 fxe6 32. Bxe6 Nf6 33. Bxd7 Rxe1+ 34. Rxe1 Nxd7 35. Bd4 h5 36. Re7 1-0

[Event "Ortigueira op 7th"]
[Site "Ortigueira"]
[Date "2008.08.14"]
[Round "5"]
[White "Alvarez Gonzalo, Miguel Angel"]
[Black "Martinez Insua, Adrian"]
[Result "0-1"]
[WhiteElo "1928"]
[BlackElo "1504"]
[PlyCount "66"]
[EventDate "2008.08.10"]
[EventType "swiss"]
[EventRounds "9"]
[EventCountry "ESP"]
[SourceTitle "EXT 2009"]
[Source "ChessBase"]
[SourceDate "2008.11.26"]
[SourceVersion "1"]
[SourceVersionDate "2008.11.26"]
[SourceQuality "1"]

1. c4 Nf6 2. g3 e6 3. Bg2 d5 4. cxd5 exd5 5. e3 c6 6. Ne2 Bd6 7. Nbc3 0-0 8. 0-0 Bd7 9. a3 a5 10. f4 Re8 11. Qc2 Bc5 12. Na4 Ba7 13. Nc5 Bxc5 14. Qxc5 Bg4 15. Nd4 Na6 16. Qc2 c5 17. Nf3 Qc8 18. Re1 c4 19. Nd4 Nc5 20. Rf1 Bh3 21. f5 Bxg2 22. Kxg2 Nd3 23. h3 Qc7 24. Qd1 Re4 25. g4 h6 26. b3 Rae8 27. Nb5 Qc6 28. Nc3 R4e7 29. Kg3 d4 30. exd4 Qd6+ 31. Kh4 g5+ 32. fxg6 fxg6 33. g5 Re4+ 0-1

[Event "Pan American-ch U20"]
[Site "Bogota"]
[Date "2006.09.06"]
[Round "6"]
[White "Alvarez Gonzalo, Miguel Angel"]
[Black "Echeverria, Mario Armando"]
[Result "1-0"]
[WhiteElo "2073"]
[BlackElo "2147"]
[PlyCount "126"]
[EventDate "2006.09.03"]
[EventType "swiss"]
[EventRounds "9"]
[EventCountry "COL"]
[SourceTitle "CBM 114 Extra"]
[Source "ChessBase"]
[SourceDate "2006.11.03"]
[SourceVersion "1"]
[SourceVersionDate "2006.11.03"]
[SourceQuality "1"]

1. d4 Nf6 2. c4 e6 3. Nf3 b6 4. a3 Bb7 5. Nc3 Be7 6. Qc2 d5 7. Bg5 0-0 8. cxd5 exd5 9. e3 Nbd7 10. Bd3 h6 11. Bh4 c5 12. 0-0 a6 13. Ne5 Nxe5 14. dxe5 Ng4 15. Bg3 Bh4 16. Qe2 Bc8 17. Qf3 Bxg3 18. Qxg3 f6 19. exf6 Nxf6 20. Rad1 Kh8 21. e4 d4 22. Ne2 Nh5 23. Qg6 Qg5 24. e5 Qxg6 25. Bxg6 Nf4 26. Nxf4 Rxf4 27. g3 Rf8 28. f4 Bf5 29. Bxf5 Rxf5 30. Kg2 Re8 31. Rfe1 g5 32. Kf3 Kg7 33. Ke4 Kg6 34. Rf1 a5 35. b4 axb4 36. axb4 Rd8 37. bxc5 bxc5 38. Rb1 Rf7 39. f5+ Kg7 40. e6 Re8 41. Kd5 Rd8+ 42. Ke5 Re8 43. Rfc1 Rc7 44. f6+ Kg6 45. Kd6 Rec8 46. f7 Kg7 47. Rf1 Rc6+ 48. Kd5 R6c7 49. Rb6 Kf8 50. Rfb1 Rd8+ 51. Rd6 Rdc8 52. Rd7 Rxd7+ 53. exd7 Rd8 54. Kd6 d3 55. Re1 Kxf7 56. Rf1+ Kg6 57. Ke7 Rxd7+ 58. Kxd7 c4 59. Rd1 Kf5 60. Kd6 Ke4 61. Kc5 c3 62. Kc4 c2 63. Re1+ Kf3 1-0

[Event "Pan American-ch U20"]
[Site "Bogota"]
[Date "2006.09.05"]
[Round "5"]
[White "Iturrizaga Bonelli, Eduardo"]
[Black "Alvarez Gonzalo, Miguel Angel"]
[Result "1-0"]
[WhiteElo "2309"]
[BlackElo "2073"]
[PlyCount "61"]
[EventDate "2006.09.03"]
[EventType "swiss"]
[EventRounds "9"]
[EventCountry "COL"]
[SourceTitle "CBM 114 Extra"]
[Source "ChessBase"]
[SourceDate "2006.11.03"]
[SourceVersion "1"]
[SourceVersionDate "2006.11.03"]
[SourceQuality "1"]

1. Nf3 Nf6 2. g3 b6 3. Bg2 Bb7 4. 0-0 e6 5. c4 c5 6. b3 Be7 7. Bb2 0-0 8. Nc3 Nc6 9. e4 d6 10. d4 cxd4 11. Nxd4 Qc8 12. Rc1 Rd8 13. Nd5 Qd7 14. Nxc6 Bxc6 15. Nxf6+ Bxf6 16. Bxf6 gxf6 17. Qg4+ Kf8 18. Qh4 Ke7 19. Rfd1 Qb7 20. Rc3 Rg8 21. b4 Qc7 22. c5 dxc5 23. e5 Bxg2 24. exf6+ Ke8 25. Qxh7 Rf8 26. Kxg2 Rd8 27. Rcd3 Rxd3 28. Qxd3 c4 29. Qe4 Qc8 30. Qe5 Rh8 31. Qd6 1-0